WORLD S GREAT SPEECHES (Record no. 8069)
[ view plain ]
| 000 -LEADER | |
|---|---|
| fixed length control field | 00328nam a2200133Ia 4500 |
| 008 - FIXED-LENGTH DATA ELEMENTS--GENERAL INFORMATION | |
| fixed length control field | 240624s9999 xx 000 0 und d |
| 041 ## - LANGUAGE CODE | |
| Language code of text/sound track or separate title | eng |
| 082 ## - DEWEY DECIMAL CLASSIFICATION NUMBER | |
| Classification number | 808.85 IYE |
| 100 ## - MAIN ENTRY--PERSONAL NAME | |
| Personal name | IYER VIJAYALAKSHMI |
| 245 ## - TITLE STATEMENT | |
| Title | WORLD S GREAT SPEECHES |
| 260 ## - PUBLICATION, DISTRIBUTION, ETC. | |
| Date of publication, distribution, etc. | 2007 |
| Place of publication, distribution, etc. | Delhi |
| Name of publisher, distributor, etc. | Gnosis |
| 300 ## - PHYSICAL DESCRIPTION | |
| Extent | ix, : 201 : p. : cm. ; 21 |
| 365 ## - TRADE PRICE | |
| Currency code | RS |
| Price amount | 20 |
| Withdrawn status | Lost status | Damaged status | Not for loan | Home library | Current library | Shelving location | Date acquired | Source of acquisition | Cost, normal purchase price | Total Checkouts | Total Holds | Full call number | Barcode | Date due | Date last seen | Date last checked out | Copy number | Price effective from | Koha item type |
|---|---|---|---|---|---|---|---|---|---|---|---|---|---|---|---|---|---|---|---|
| IMTN | IMTN | Rack 38-A | 01/09/2008 | WBD | 100.00 | 5 | 727 | 808.85 IYE | 8069 | 01/23/2026 | 01/13/2026 | 01/13/2026 | 1 | 06/24/2024 | Books |